000 00434nam a2200181Ia 4500
005 20240823063057.0
008 240823s9999||||xx |||||||||||||| ||und||
041 _aENGLISH
082 _A629.832 N6
100 _aApte Y S
245 0 _aLinear Multi - Input - Output Control
250 _a1st
260 _c1996
_b"New Age,New Delhi"
500 _aYES
650 _aOut Put Control
_bMechanical
942 _cBK
999 _c237391
_d237391